Zariadenia na separáciu tuhých odpadov

Saved in:
Bibliographic Details
Main Author: Mayouf, Naser M.A., 1973- (Author)
Other Authors: Šooš, Ľubomír, 1959- (Thesis advisor)
Format: Manuscript Book
Language:Slovak
Published: Bratislava : STU v Bratislave SjF, 2013
Subjects:
Online Access:VAIS
Tags: Add Tag
No Tags, Be the first to tag this record!

MARC

LEADER 00000ntm a22000003a 4500
001 stu287186
005 20150617230256.2
008 140326s2013----xo------------------slo-d
040 |a STU  |b slo 
041 0 |a slo 
044 |a xo 
100 1 |a Mayouf, Naser M.A.,  |d 1973-  |4 aut  |u J  |T SjF Strojnícka fakulta  |X 45294  |U J  |Y 20  |7 A000045294 
242 0 0 |a Solid Waste Separation Equipments  |y eng 
245 1 |a Zariadenia na separáciu tuhých odpadov  
260 |a Bratislava :  |b STU v Bratislave SjF,  |c 2013 
650 7 |a výrobné systémy a manažérstvo kvality  |2 stusub 
650 7 |a Production Engineering and Quality Management  |2 estusub 
650 7 |a waste management  |2 estusub 
650 7 |a separation  |2 estusub 
650 7 |a solid waste  |2 estusub 
650 7 |a separácia  |2 stusub 
650 7 |a tuhé odpady  |2 stusub 
650 7 |a odpadové hospodárstvo  |2 stusub 
700 1 |a Šooš, Ľubomír,  |d 1959-  |4 ths  |u J0070  |U SjF Strojnícka fakulta  |T SjF Ústav výrobných systémov, enviromentálnej techniky a manažment kvality  |X 2372  |U J0070  |Y 804  |7 A000002372 
856 4 |a info a plný text  |u http://is.stuba.sk/zp/portal_zp.pl?podrobnosti=86718  |3 VAIS